|
|
|
|
| LEADER |
00000naa a2200000 i 4500 |
| 001 |
publ586 |
| 005 |
20180205104152.0 |
| 008 |
180205s2011 hu o 000 zxx d |
| 040 |
|
|
|a BGE Publikációtár Repozitórium
|b hun
|
| 100 |
1 |
|
|a Z. Papp Zsuzsanna
|
| 245 |
1 |
0 |
|a Csalás a felsőoktatásban
|c Z. Papp Zsuzsanna
|h [elektronikus dokumentum]
|
| 260 |
|
|
|a Budapesti Gazdasági Főiskola
|c 2011
|
| 300 |
|
|
|a 491-498
|
| 490 |
0 |
|
|a Tudományos Évkönyv 2010: Merre tovább? Gazdaság és társadalom, realitás és esély
|
| 650 |
|
4 |
|a neveléstudományok
|
| 695 |
|
|
|a Csalás
|
| 695 |
|
|
|a Felsőoktatás
|
| 856 |
4 |
0 |
|u https://publikaciotar.uni-bge.hu/id/eprint/586/1/tek_2010_35.pdf
|z Dokumentum-elérés
|